[Event "GER-chT U16"]
[Site "Greifswald"]
[Date "2003.12.27"]
[Round "1.4"]
[White "Otten, Thomas"]
[Black "Tsoumanis, Konstantinos"]
[Result "1-0"]
[WhiteElo "1324"]
[BlackElo "984"]
[PlyCount "65"]
[EventDate "2003.12.27"]
[EventType "team-swiss"]
[EventRounds "7"]
[EventCountry "GER"]
[SourceTitle "EXT 2022"]
[Source "ChessBase"]
[SourceDate "2021.10.06"]
[SourceVersion "1"]
[SourceVersionDate "2021.10.06"]
[SourceQuality "1"]
[WhiteTeam "Heinsberg U16"]
[BlackTeam "Gryps SV U16 II"]
[WhiteTeamCountry "GER"]
[BlackTeamCountry "GER"]

1. e4 e5 2. Nf3 Nc6 3. Bb5 Nf6 4. Nc3 a6 5. Bxc6 bxc6 6. Nxe5 Bd6 7. Nf3 Bb4 8. 0-0 0-0 9. d3 d6 10. Bg5 Bg4 11. h3 Bh5 12. e5 dxe5 13. g4 Bg6 14. Nxe5 Qd6 15. Bf4 Qd4 16. Qf3 Bd6 17. Nxg6 hxg6 18. Bxd6 cxd6 19. Qxc6 Nh7 20. Qd5 Qb4 21. Rab1 Nf6 22. Qf3 Nh7 23. a3 Ng5 24. Qxa8 Rxa8 25. axb4 Nf3+ 26. Kg2 Nd2 27. Rfe1 Nxb1 28. Rxb1 Rb8 29. Nd5 Rb5 30. c4 Rb7 31. Ra1 Ra7 32. Ra5 Kh7 33. g5 1-0